banner-ar

الاسكندرية الروسية قدر المهاجرين فى مصر / (Record no. 63275)

MARC details
000 -الفاتح
حقل البيانات ثابتة الطول 01287nam a22003017a 4500
005 - وقت وتاريخ اخر تعامل مع التسجيلة
رقم الضبط 20240530110632.0
008 - عناصر البيانات ثابتة الطول - معلومات عامة
حقل البيانات ثابتة الطول 170709s2014 ua fc f b 000 0 ara d
017 ## - رقم الايداع القانونى
رقم الايداع القانونى 2012/5718
المصدر ( الهيئة المختصة) مصر. دار الكتب المصرية
020 ## - الرقم الدولى المعيارى للكتب
الرقم الدولى المعيارى للكتاب 9789772165167
040 ## - مصدر الفهرسة
وكالة الفهرسة الأصلية EG-CaGPL
وكالة النسخ EG-CaGPL
082 04 - رقم تصنيف ديوى العشرى
رقم الطبعة 21
رقم التصنيف 962.1\
رقم المادة ق/ج إ
100 1# - المدخل الرئيسى - إسم شخصى
الإسم الشخصى جارياتشكين ، جينادى فاسيليفيتس
245 12 - بيان العنوان
العنوان الاسكندرية الروسية قدر المهاجرين فى مصر /
بيان المسئوليه,etc تاليف جينادي فاسيليفيتش جارياتشكين ؛ ترجمة علي فهمي عبد السلام .
250 ## - بيان الطبعة
بيان الطبعة ط.1
260 ## - PUBLICATION, DISTRIBUTION, ETC. (IMPRINT)
تاريخ النشر أو التوزيع 2014 .
300 ## - الوصف المادى
التعداد 482 ص :
تفاصيل ماديه اخرى للوعاء صور ؛
أبعاد الوعاء 24 سم .
490 1# - بيان السلسلة
عنوان السلسلة المركز القومي للترجمة ؛
رقم المجلد/ التعيين التسلسلي 2174
504 ## - تبصرة ببليوجرافية
تبصرة ببليوجرافية,الخ ببلوجرافية : ص 387 - 428
650 07 - المدخل الاضافى بالموضوع-مصطلح موضوعى
مصدر الرأس أو المصطلح qrmak
مصطلح موضوعي المهاجرون .
650 07 - المدخل الاضافى بالموضوع-مصطلح موضوعى
مصدر الرأس أو المصطلح qrmak
مصطلح موضوعي السكان الاجانب .
650 07 - المدخل الاضافى بالموضوع-مصطلح موضوعى
مصدر الرأس أو المصطلح qrmak
مصطلح موضوعي السكان الاجانب
التقسيم الفرعي الجغرافي الاسكندرية .
651 07 - المدخل الاضافى بالموضوع - اسم جغرافى
مصدر الرأس أو المصطلح qrmak
الاسم الجغرافي مصر
التقسيم الفرعي العام السكان الاجانب .
651 07 - المدخل الاضافى بالموضوع - اسم جغرافى
مصدر الرأس أو المصطلح qrmak
الاسم الجغرافي روسيا
التقسيم الفرعي العام الهجرات .
651 07 - المدخل الاضافى بالموضوع - اسم جغرافى
مصدر الرأس أو المصطلح qrmak
الاسم الجغرافي الاسكندرية
التقسيم الفرعي العام الهجرات .
700 0# - المدخل الاضافى - اسم شخصى
الإسم الشخصى علي فهمى عبدالسلام
الدور مترجم .
942 ## - عناصر المدخل الإضافي( كوها)
مصدر التصنيف او مخطط الترفيف Dewey Decimal Classification
Koha [default] item type كتاب
260 ## - PUBLICATION, DISTRIBUTION, ETC. (IMPRINT)
-- القاهرة :
Holdings
حالة التراجع حالة الفقد حالة تلف ليس للاعارة المكان المؤقت الموقع الحالى موقع الترفيف تاريخ الاكتساب اجمالي اﻻعارات رقم الطلب الباركود تاريخ اخر مشاهدة تاريخ تفعيل السعر نوع وعاء كوها
        مكتبة القاهرة الكبرى مكتبة القاهرة الكبرى   09/10/2017   962.1\ ق/ج إ 163251 09/10/2017 09/10/2017 كتاب

Powered By

EGPV